[Event "69. UEM HT"]
[Site "Schweinfurt / Germany"]
[Date "2018.04.04"]
[Round "5.10"]
[White "Susallek, Daniela"]
[Black "Hilgers, Peter"]
[Result "1/2-1/2"]
[WhiteElo "1100"]
[BlackElo "1265"]
[Annotator "Lukas, Norbert"]
[PlyCount "53"]
[EventDate "2018.04.02"]
[EventType "swiss"]
[EventRounds "9"]
[EventCountry "GER"]
[SourceTitle "69. UEM"]
[Source "SK SW 2000 e.V."]
[SourceDate "2018.04.08"]
[SourceVersion "1"]
[SourceVersionDate "2018.04.08"]
[SourceQuality "1"]
[WhiteTeam "SK 1928 Mömbris"]
[BlackTeam "DJK Abersfeld"]

1. e4 d6 2. Bc4 Nf6 3. d3 g6 4. Nc3 Bg7 5. Bg5 O-O 6. h3 c5 7. Nf3 Nc6 8. O-O
a6 9. a3 Qc7 10. Rb1 b5 11. Ba2 Nd4 12. Nd5 Nxf3+ 13. Qxf3 Nxd5 14. Bxd5 Rb8
15. Qe2 Be6 16. c4 Qd7 17. Bf4 Bxd5 18. exd5 Rbe8 19. b3 f5 20. Qe6+ Qxe6 21.
dxe6 Rb8 22. Bg5 Rfe8 23. f4 h6 24. Bh4 Bd4+ 25. Kh2 Kg7 26. cxb5 axb5 27. g4
1/2-1/2

[Event "69. UEM HT"]
[Site "Schweinfurt / Germany"]
[Date "2018.04.04"]
[Round "5.7"]
[White "Bürger, Norbert"]
[Black "Rachor, Udo"]
[Result "1/2-1/2"]
[WhiteElo "1697"]
[BlackElo "1618"]
[Annotator "Lukas, Norbert"]
[PlyCount "62"]
[EventDate "2018.04.02"]
[EventType "swiss"]
[EventRounds "9"]
[EventCountry "GER"]
[SourceTitle "69. UEM"]
[Source "SK SW 2000 e.V."]
[SourceDate "2018.04.08"]
[SourceVersion "1"]
[SourceVersionDate "2018.04.08"]
[SourceQuality "1"]
[WhiteTeam "DJK Abersfeld"]
[BlackTeam "TSV 1895 Karlburg e.V."]

1. c4 c5 2. g3 g6 3. Bg2 Bg7 4. Nc3 Nc6 5. Nf3 Nf6 6. O-O O-O 7. e4 e5 8. d3 d6
9. Be3 a6 10. Nd5 Ne7 11. Qd2 Bg4 12. Ne1 Nfxd5 13. cxd5 Nc8 14. f3 Bd7 15. f4
exf4 16. Bxf4 Re8 17. Bh6 Bd4+ 18. Kh1 Bg7 19. Bxg7 Kxg7 20. Qc3+ Kg8 21. Qf6
Qe7 22. Nc2 Bb5 23. Rad1 Nb6 24. b3 a5 25. a4 Bd7 26. Ne3 Rad8 27. Nc4 Nxc4 28.
dxc4 Qxf6 29. Rxf6 Bg4 30. Rdf1 Re7 31. R6f4 Bc8 1/2-1/2

[Event "69. UEM HT"]
[Site "Schweinfurt / Germany"]
[Date "2018.04.04"]
[Round "5.5"]
[White "Mehler, Walter"]
[Black "Pfennig, Joachim"]
[Result "1/2-1/2"]
[WhiteElo "1646"]
[BlackElo "1452"]
[Annotator "Lukas, Norbert"]
[PlyCount "36"]
[EventDate "2018.04.02"]
[EventType "swiss"]
[EventRounds "9"]
[EventCountry "GER"]
[SourceTitle "69. UEM"]
[Source "SK SW 2000 e.V."]
[SourceDate "2018.04.08"]
[SourceVersion "1"]
[SourceVersionDate "2018.04.08"]
[SourceQuality "1"]
[WhiteTeam "TSV 1895 Karlburg e.V."]
[BlackTeam "SC 1947 Bergrheinfeld"]

1. e4 c6 2. d4 d5 3. Nc3 g6 4. Nf3 Bg7 5. Be2 Bg4 6. e5 e6 7. Ng5 Bxe2 8. Qxe2
Qe7 9. Be3 Nd7 10. Nf3 f6 11. exf6 Ngxf6 12. O-O O-O 13. Rfe1 Rae8 14. Qd2 e5
15. dxe5 Nxe5 16. Nxe5 Qxe5 17. Bc5 Bh6 18. Qd1 Qxe1+ 1/2-1/2

[Event "69. UEM HT"]
[Site "Schweinfurt / Germany"]
[Date "2018.04.04"]
[Round "5.4"]
[White "Volkamer, Klaus"]
[Black "Orf, Niklas"]
[Result "0-1"]
[WhiteElo "1883"]
[BlackElo "1892"]
[Annotator "Lukas, Norbert"]
[PlyCount "52"]
[EventDate "2018.04.02"]
[EventType "swiss"]
[EventRounds "9"]
[EventCountry "GER"]
[SourceTitle "69. UEM"]
[Source "SK SW 2000 e.V."]
[SourceDate "2018.04.08"]
[SourceVersion "1"]
[SourceVersionDate "2018.04.08"]
[SourceQuality "1"]
[WhiteTeam "SC Kitzingen von 1905"]
[BlackTeam "SK 1933 Bad Neustadt"]

1. d4 e6 2. c4 b6 3. Nf3 Bb7 4. Nc3 Bb4 5. Bd2 f5 6. e3 d6 7. Bd3 Nf6 8. O-O
O-O 9. Qc2 Nbd7 10. Ng5 Qe8 11. f3 h6 12. Nh3 Qg6 13. Nf4 Qe8 14. Nb5 Bxd2 15.
Qxd2 e5 16. Nxc7 Qf7 17. Nfe6 Rfc8 18. d5 Bxd5 19. cxd5 Nxd5 20. Nxa8 Qxe6 21.
Bxf5 Qxf5 22. Qxd5+ Qf7 23. Qb7 Rc2 24. Rac1 Rxb2 25. Rc7 Qxa2 26. f4 d5 0-1

[Event "69. UEM HT"]
[Site "Schweinfurt / Germany"]
[Date "2018.04.04"]
[Round "5.6"]
[White "Brodt, Andreas"]
[Black "Köhler, Michael"]
[Result "1-0"]
[WhiteElo "1784"]
[BlackElo "1608"]
[Annotator "Lukas, Norbert"]
[PlyCount "63"]
[EventDate "2018.04.02"]
[EventType "swiss"]
[EventRounds "9"]
[EventCountry "GER"]
[SourceTitle "69. UEM"]
[Source "SK SW 2000 e.V."]
[SourceDate "2018.04.08"]
[SourceVersion "1"]
[SourceVersionDate "2018.04.08"]
[SourceQuality "1"]
[WhiteTeam "Schachklub Schweinfurt 2000 e.V."]
[BlackTeam "SC Prichsenstadt"]

1. e4 e6 2. b3 d5 3. exd5 exd5 4. Nf3 Nf6 5. Bb2 Be7 6. Be2 O-O 7. O-O c5 8. d4
b6 9. c4 Nc6 10. Ne5 Bb7 11. Bf3 Nxd4 12. Bxd4 cxd4 13. Qxd4 Bc5 14. Qd1 Re8
15. Ng4 Nxg4 16. Bxg4 dxc4 17. Nd2 c3 18. Nc4 b5 19. Qxd8 Raxd8 20. Na5 Ba8 21.
a3 Rd4 22. h3 Rd2 23. b4 Bb6 24. Nb3 Rb2 25. Nc5 Rd8 26. Rfc1 Rdd2 27. Re1 Bxc5
28. bxc5 Bc6 29. Bf3 Bd7 30. c6 Be6 31. c7 Kf8 32. Rxe6 1-0

[Event "69. UEM HT"]
[Site "Schweinfurt / Germany"]
[Date "2018.04.04"]
[Round "5.1"]
[White "Simon, Manuel"]
[Black "Elbert, Thomas"]
[Result "0-1"]
[WhiteElo "1562"]
[BlackElo "1789"]
[Annotator "Lukas, Norbert"]
[PlyCount "40"]
[EventDate "2018.04.02"]
[EventType "swiss"]
[EventRounds "9"]
[EventCountry "GER"]
[SourceTitle "69. UEM"]
[Source "SK SW 2000 e.V."]
[SourceDate "2018.04.08"]
[SourceVersion "1"]
[SourceVersionDate "2018.04.08"]
[SourceQuality "1"]
[WhiteTeam "SK 1928 Mömbris"]
[BlackTeam "Schachfreunde Sailauf"]

1. e4 Nf6 2. e5 Nd5 3. c4 Nb6 4. d4 d6 5. Bf4 dxe5 6. Bxe5 Nc6 7. Bg3 Qxd4 8.
Qxd4 Nxd4 9. Kd2 Bf5 10. Nc3 O-O-O 11. Rd1 e5 12. Kc1 Be7 13. Bxe5 Nc6 14. Bf4
Rxd1+ 15. Kxd1 Rd8+ 16. Kc1 Nb4 17. Be2 Bd3 18. a3 Bxe2 19. Ngxe2 Nd3+ 20. Kc2
Nxf4 0-1

[Event "69. UEM HT"]
[Site "Schweinfurt / Germany"]
[Date "2018.04.04"]
[Round "5.11"]
[White "Bokov, Igor"]
[Black "Schalkhäuser, Linus"]
[Result "0-1"]
[WhiteElo "741"]
[BlackElo "801"]
[Annotator "Lukas, Norbert"]
[PlyCount "80"]
[EventDate "2018.04.02"]
[EventType "swiss"]
[EventRounds "9"]
[EventCountry "GER"]
[SourceTitle "69. UEM"]
[Source "SK SW 2000 e.V."]
[SourceDate "2018.04.08"]
[SourceVersion "1"]
[SourceVersionDate "2018.04.08"]
[SourceQuality "1"]
[WhiteTeam "Schachklub Schweinfurt 2000 e.V."]
[BlackTeam "Schachklub Schweinfurt 2000 e.V."]

1. e4 e5 2. Nf3 Nc6 3. Nc3 Nf6 4. Bc4 Bb4 5. Ng5 O-O 6. O-O h6 7. Nf3 Bxc3 8.
dxc3 d6 9. Be3 Be6 10. Bxe6 fxe6 11. Nh4 Nxe4 12. Ng6 Rf6 13. Nh4 Qe7 14. f3
Nc5 15. Bxc5 dxc5 16. Rf2 Raf8 17. Qd2 g5 18. Ng6 Rxg6 19. Raf1 Rgf6 20. g3 Qf7
21. f4 exf4 22. gxf4 gxf4 23. Rg2+ Kh8 24. Qf2 Rg8 25. a3 Rxg2+ 26. Qxg2 Rg6
27. Rf2 Rxg2+ 28. Rxg2 f3 29. Rd2 e5 30. b4 cxb4 31. axb4 e4 32. b5 Ne5 33.
Rd8+ Kh7 34. Rd5 Qxd5 35. Kf2 Qd2+ 36. Kg3 f2 37. Kh3 f1=R 38. Kg3 Qf2+ 39. Kh3
Qf3+ 40. Kh4 Qg4# 0-1

[Event "69. UEM HT"]
[Site "Schweinfurt / Germany"]
[Date "2018.04.04"]
[Round "5.9"]
[White "Gerhard, Phillip"]
[Black "Nicola, Marius"]
[Result "0-1"]
[WhiteElo "964"]
[BlackElo "1491"]
[Annotator "Lukas, Norbert"]
[PlyCount "56"]
[EventDate "2018.04.02"]
[EventType "swiss"]
[EventRounds "9"]
[EventCountry "GER"]
[SourceTitle "69. UEM"]
[Source "SK SW 2000 e.V."]
[SourceDate "2018.04.08"]
[SourceVersion "1"]
[SourceVersionDate "2018.04.08"]
[SourceQuality "1"]
[WhiteTeam "TSV 1895 Karlburg e.V."]
[BlackTeam "Schachklub Schweinfurt 2000 e.V."]

1. e4 e6 2. d4 d5 3. e5 c5 4. c3 Nc6 5. Nf3 Bd7 6. Bb5 c4 7. Bg5 Qb6 8. Qa4 a6
9. Bxc6 Bxc6 10. Qd1 Qxb2 11. Nbd2 Qxc3 12. O-O h6 13. Bh4 Ne7 14. Bxe7 Bxe7
15. Re1 O-O-O 16. Rb1 g5 17. Kh1 g4 18. Ng1 Qxd4 19. Ne2 Qxe5 20. Rb6 Bc5 21.
Nc3 Qxc3 22. Re2 Bxb6 23. Qb1 Bc7 24. Nf1 d4 25. Rb2 Rd5 26. Rc2 Qh3 27. gxh3
Rb5+ 28. Kg1 Rxb1 0-1

[Event "69. UEM HT"]
[Site "Schweinfurt / Germany"]
[Date "2018.04.04"]
[Round "5.2"]
[White "Herberich, Martin"]
[Black "Brätz, Yannick"]
[Result "1-0"]
[WhiteElo "1810"]
[BlackElo "1363"]
[Annotator "Lukas, Norbert"]
[PlyCount "125"]
[EventDate "2018.04.02"]
[EventType "swiss"]
[EventRounds "9"]
[EventCountry "GER"]
[SourceTitle "69. UEM"]
[Source "SK SW 2000 e.V."]
[SourceDate "2018.04.08"]
[SourceVersion "1"]
[SourceVersionDate "2018.04.08"]
[SourceQuality "1"]
[WhiteTeam "TV Faulbach e.V. 1920"]
[BlackTeam "Schachklub Schweinfurt 2000 e.V."]

1. e4 e5 2. Nf3 Nc6 3. d4 exd4 4. Bc4 d6 5. Nxd4 Nf6 6. O-O Be7 7. Nc3 O-O 8.
f3 Ne5 9. Bb3 a6 10. a4 c5 11. Nde2 Be6 12. Bxe6 fxe6 13. f4 Nc6 14. Ng3 d5 15.
e5 Nd7 16. Qg4 Nd4 17. Bd2 Qe8 18. Nce2 Nxe2+ 19. Qxe2 Qg6 20. Qd3 Qxd3 21.
cxd3 Rae8 22. Rae1 Bh4 23. Re2 Bxg3 24. hxg3 Nb8 25. Rc1 Rc8 26. Bc3 b6 27.
Rec2 d4 28. Bd2 Nd7 29. b4 Kf7 30. bxc5 bxc5 31. Rb1 Rb8 32. Rcb2 Rxb2 33. Rxb2
Rb8 34. Rxb8 Nxb8 35. Ba5 Nd7 36. Bc7 h5 37. Kf2 Kg6 38. Bd6 Kf5 39. Be7 Kg6
40. Kf3 Kf5 41. a5 Nb8 42. Bxc5 Nc6 43. Bb6 Nb4 44. Bxd4 Nxd3 45. Bc3 Nc5 46.
Ke3 g5 47. Kf3 Nb3 48. Ke3 Kg4 49. Bb4 h4 50. fxg5 Kxg5 51. gxh4+ Kxh4 52. Kf4
Kh5 53. Ke4 Kg4 54. Kd3 Kg3 55. Kc4 Nc1 56. Bd6 Kxg2 57. Kc5 Nb3+ 58. Kb6 Nd4
59. Kxa6 Nc6 60. Kb6 Nxa5 61. Kxa5 Kf3 62. Kb5 Kf4 63. Kc6 1-0

[Event "69. UEM HT"]
[Site "Schweinfurt / Germany"]
[Date "2018.04.05"]
[Round "6.7"]
[White "Brennfleck, Martin"]
[Black "Bürger, Norbert"]
[Result "1/2-1/2"]
[WhiteElo "1656"]
[BlackElo "1697"]
[Annotator "Lukas, Norbert"]
[PlyCount "125"]
[EventDate "2018.04.02"]
[EventType "swiss"]
[EventRounds "9"]
[EventCountry "GER"]
[SourceTitle "69. UEM"]
[Source "SK SW 2000 e.V."]
[SourceDate "2018.04.08"]
[SourceVersion "1"]
[SourceVersionDate "2018.04.08"]
[SourceQuality "1"]
[WhiteTeam "SC Kitzingen von 1905"]
[BlackTeam "DJK Abersfeld"]

1. c4 c6 2. g3 d5 3. b3 Nf6 4. d4 e6 5. Nf3 Be7 6. Bg2 O-O 7. O-O Qd6 8. c5 Qd8
9. Nc3 b6 10. b4 a5 11. Qb3 axb4 12. Na4 bxc5 13. Nxc5 Bxc5 14. dxc5 Na6 15.
Bd2 Qa5 16. a3 Nxc5 17. Qxb4 Nb7 18. Qxf8+ Kxf8 19. Bxa5 Nxa5 20. Rfc1 Nb3 21.
Rcb1 Nxa1 22. Rxa1 Ba6 23. e3 c5 24. Rc1 Rb8 25. h3 c4 26. Ne5 Rb3 27. e4 Bb7
28. exd5 exd5 29. Nxc4 dxc4 30. Bxb7 Rxb7 31. Rxc4 Ra7 32. a4 Nd5 33. Rc5 Nb4
34. a5 Na6 35. Rc6 Ke7 36. Rc4 Kd6 37. h4 Nc5 38. Rf4 Ke5 39. Rg4 Ne6 40. Ra4
h5 41. Kg2 Nc5 42. Ra3 Ra6 43. Re3+ Kd4 44. Rf3 f6 45. Rf4+ Kd3 46. Rf5 Rxa5
47. Rxh5 Kd4 48. Rh7 Ne6 49. Rh8 Ra2 50. Re8 Ke5 51. Rb8 Ra7 52. Rb5+ Kd6 53.
Rb6+ Ke7 54. Rb4 Kf7 55. Rc4 Rd7 56. Rb4 Rd4 57. Rb7+ Kg6 58. Rb5 Rc4 59. Ra5
Rc2 60. Ra4 Kh6 61. Rb4 Nc5 62. Rd4 Kg6 63. Rg4+ 1/2-1/2

[Event "69. UEM HT"]
[Site "Schweinfurt / Germany"]
[Date "2018.04.05"]
[Round "6.10"]
[White "Hilgers, Peter"]
[Black "Chen, Jiwei"]
[Result "1-0"]
[WhiteElo "1265"]
[BlackElo "1062"]
[Annotator "Lukas, Norbert"]
[PlyCount "83"]
[EventDate "2018.04.02"]
[EventType "swiss"]
[EventRounds "9"]
[EventCountry "GER"]
[SourceTitle "69. UEM"]
[Source "SK SW 2000 e.V."]
[SourceDate "2018.04.08"]
[SourceVersion "1"]
[SourceVersionDate "2018.04.08"]
[SourceQuality "1"]
[WhiteTeam "DJK Abersfeld"]
[BlackTeam "Schachklub Schweinfurt 2000 e.V."]

1. b4 e5 2. Bb2 d6 3. c4 Nd7 4. Nf3 Ngf6 5. Nc3 Be7 6. e3 Nf8 7. Nd5 Nxd5 8.
cxd5 a6 9. d4 Bd7 10. a4 b5 11. a5 Ng6 12. Be2 O-O 13. Rc1 Rc8 14. O-O Bg5 15.
dxe5 dxe5 16. Nxe5 Nxe5 17. Bxe5 Re8 18. Qd4 Bh6 19. Bf3 Qg5 20. Bf4 Qg6 21.
Rxc7 Rxc7 22. Bxc7 Bh3 23. Bb6 f6 24. Rc1 Re5 25. Qh4 Bd7 26. Qg3 Qd3 27. Rd1
Qb3 28. Bc5 Bc8 29. h3 Bb7 30. d6 Bxf3 31. Qxf3 Re8 32. Qd5+ Qxd5 33. Rxd5 g6
34. Kf1 Rd8 35. d7 Kf7 36. Rd6 Bf8 37. Rxa6 Bxc5 38. bxc5 Rxd7 39. Rb6 Rc7 40.
Rxb5 Ke6 41. Rb6+ Ke7 42. Rb5 1-0

[Event "69. UEM HT"]
[Site "Schweinfurt / Germany"]
[Date "2018.04.05"]
[Round "6.6"]
[White "Rachor, Udo"]
[Black "Volkamer, Klaus"]
[Result "1/2-1/2"]
[WhiteElo "1618"]
[BlackElo "1883"]
[Annotator "Lukas, Norbert"]
[PlyCount "54"]
[EventDate "2018.04.02"]
[EventType "swiss"]
[EventRounds "9"]
[EventCountry "GER"]
[SourceTitle "69. UEM"]
[Source "SK SW 2000 e.V."]
[SourceDate "2018.04.08"]
[SourceVersion "1"]
[SourceVersionDate "2018.04.08"]
[SourceQuality "1"]
[WhiteTeam "TSV 1895 Karlburg e.V."]
[BlackTeam "SC Kitzingen von 1905"]

1. e4 c5 2. Nf3 Nc6 3. d4 cxd4 4. Nxd4 Nf6 5. Nc3 d6 6. h3 e5 7. Nf3 Be6 8. a3
Be7 9. Be2 O-O 10. O-O d5 11. exd5 Nxd5 12. Ne4 f6 13. c4 Nc7 14. b4 Qxd1 15.
Rxd1 Rfd8 16. Bb2 b6 17. Nc3 Bf7 18. Rxd8+ Rxd8 19. Rd1 Kf8 20. Rxd8+ Bxd8 21.
Kf1 Ne6 22. c5 Nf4 23. Ne4 Bc7 24. Nfd2 Nxe2 25. Kxe2 Ke7 26. h4 Bd5 27. g3 h6
1/2-1/2

[Event "69. UEM HT"]
[Site "Schweinfurt / Germany"]
[Date "2018.04.05"]
[Round "6.8"]
[White "Köhler, Michael"]
[Black "Schalkhäuser, Linus"]
[Result "1-0"]
[WhiteElo "1608"]
[BlackElo "801"]
[Annotator "Lukas, Norbert"]
[PlyCount "69"]
[EventDate "2018.04.02"]
[EventType "swiss"]
[EventRounds "9"]
[EventCountry "GER"]
[SourceTitle "69. UEM"]
[Source "SK SW 2000 e.V."]
[SourceDate "2018.04.08"]
[SourceVersion "1"]
[SourceVersionDate "2018.04.08"]
[SourceQuality "1"]
[WhiteTeam "SC Prichsenstadt"]
[BlackTeam "Schachklub Schweinfurt 2000 e.V."]

1. d4 d5 2. c4 c6 3. Nf3 Nf6 4. g3 Bg4 5. Bg2 e6 6. O-O Bd6 7. Nbd2 h6 8. b3
O-O 9. Ne5 Bf5 10. Bb2 b6 11. Re1 Nbd7 12. Nxc6 Qc7 13. cxd5 exd5 14. Rc1 Qb7
15. Nf3 Rac8 16. Nfe5 Rc7 17. Nxd7 Nxd7 18. Bxd5 Qc8 19. Bg2 Re8 20. e4 Bg6 21.
e5 Bf8 22. d5 Bf5 23. d6 Rxc6 24. Rxc6 Qd8 25. f4 Nb8 26. Rc7 Re6 27. Qc1 Re8
28. Bd5 Bxd6 29. exd6 Rxe1+ 30. Qxe1 Qxd6 31. Qe8+ Kh7 32. Qxf7 Qg6 33. Qxg7+
Qxg7 34. Rxg7+ Kh8 35. Rd7# 1-0

[Event "69. UEM HT"]
[Site "Schweinfurt / Germany"]
[Date "2018.04.05"]
[Round "6.3"]
[White "Brodt, Andreas"]
[Black "Simon, Manuel"]
[Result "0-1"]
[WhiteElo "1784"]
[BlackElo "1562"]
[Annotator "Lukas, Norbert"]
[PlyCount "118"]
[EventDate "2018.04.02"]
[EventType "swiss"]
[EventRounds "9"]
[EventCountry "GER"]
[SourceTitle "69. UEM"]
[Source "SK SW 2000 e.V."]
[SourceDate "2018.04.08"]
[SourceVersion "1"]
[SourceVersionDate "2018.04.08"]
[SourceQuality "1"]
[WhiteTeam "Schachklub Schweinfurt 2000 e.V."]
[BlackTeam "SK 1928 Mömbris"]

1. d4 Nf6 2. c4 g6 3. Nf3 Bg7 4. Nc3 O-O 5. e4 d6 6. h3 e5 7. d5 a5 8. a4 Na6
9. Bd3 Nc5 10. Qc2 c6 11. Bg5 Qc7 12. Bxf6 Bxf6 13. g4 h6 14. b3 Rb8 15. Rg1
Bd7 16. Rb1 b5 17. dxc6 bxc4 18. Bxc4 Bxc6 19. Nd5 Qd8 20. b4 axb4 21. Rxb4
Rxb4 22. Nxb4 Bxe4 23. Qc1 Qa5 24. Nd2 Qxb4 25. Rg3 Bg5 26. Bb5 Qxd2+ 27. Qxd2
Bxd2+ 28. Kxd2 Ra8 29. Ra3 Kf8 30. f3 Bd5 31. Ke3 Ke7 32. h4 Be6 33. Bc6 Ra7
34. g5 hxg5 35. hxg5 Bd7 36. Bxd7 Kxd7 37. a5 Nb7 38. a6 Nc5 39. f4 Ke6 40.
fxe5 dxe5 41. Ra5 Kd6 42. Ra1 Rxa6 43. Rf1 Ra3+ 44. Kf2 Ne4+ 45. Kg2 Ke6 46.
Kh2 Nxg5 47. Kg2 Rd3 48. Kh1 f5 49. Ra1 e4 50. Ra2 Ke5 51. Kg2 f4 52. Ra5+ Rd5
53. Ra2 Nf3 54. Kh1 Rd1+ 55. Kg2 Rd2+ 56. Kh1 Rh2+ 57. Rxh2 Nxh2 58. Kxh2 Kd4
59. Kg2 Kd3 0-1

[Event "69. UEM HT"]
[Site "Schweinfurt / Germany"]
[Date "2018.04.05"]
[Round "6.11"]
[White "Susallek, Daniela"]
[Black "Gerhard, Phillip"]
[Result "1-0"]
[WhiteElo "1100"]
[BlackElo "964"]
[Annotator "Lukas, Norbert"]
[PlyCount "55"]
[EventDate "2018.04.02"]
[EventType "swiss"]
[EventRounds "9"]
[EventCountry "GER"]
[SourceTitle "69. UEM"]
[Source "SK SW 2000 e.V."]
[SourceDate "2018.04.08"]
[SourceVersion "1"]
[SourceVersionDate "2018.04.08"]
[SourceQuality "1"]
[WhiteTeam "SK 1928 Mömbris"]
[BlackTeam "TSV 1895 Karlburg e.V."]

1. e4 c5 2. Nc3 e5 3. Bc4 Nh6 4. h3 Nc6 5. d3 d6 6. Nf3 Be6 7. Bxe6 fxe6 8. O-O
Nd4 9. Be3 Be7 10. Bxh6 Nxf3+ 11. Qxf3 gxh6 12. Qh5+ Kd7 13. Qxh6 Qg8 14. Qe3
Qg7 15. Qg3 Qxg3 16. fxg3 Rag8 17. Ne2 Rg7 18. Rf3 Rhg8 19. Raf1 Bh4 20. Rf7+
Rxf7 21. Rxf7+ Ke8 22. Rxh7 Bxg3 23. Nxg3 Rxg3 24. Rxb7 a5 25. Ra7 Re3 26. Kf2
Rxd3 27. cxd3 d5 28. Rxa5 1-0

[Event "69. UEM HT"]
[Site "Schweinfurt / Germany"]
[Date "2018.04.05"]
[Round "6.9"]
[White "Nicola, Marius"]
[Black "Bokov, Igor"]
[Result "1-0"]
[WhiteElo "1491"]
[BlackElo "741"]
[Annotator "Lukas, Norbert"]
[PlyCount "33"]
[EventDate "2018.04.02"]
[EventType "swiss"]
[EventRounds "9"]
[EventCountry "GER"]
[SourceTitle "69. UEM"]
[Source "SK SW 2000 e.V."]
[SourceDate "2018.04.08"]
[SourceVersion "1"]
[SourceVersionDate "2018.04.08"]
[SourceQuality "1"]
[WhiteTeam "Schachklub Schweinfurt 2000 e.V."]
[BlackTeam "Schachklub Schweinfurt 2000 e.V."]

1. e4 e5 2. f4 exf4 3. Bc4 Nf6 4. e5 Ng4 5. Bxf7+ Kxf7 6. Qxg4 g5 7. Nf3 d6 8.
Qh5+ Kg7 9. d4 Nc6 10. O-O dxe5 11. Nxg5 Be7 12. Qf7+ Kh6 13. Nf3 Bg4 14. dxe5
Bxf3 15. Qxf4+ Kg6 16. Qxf3 Nd4 17. Qf7# 1-0

[Event "69. UEM HT"]
[Site "Schweinfurt / Germany"]
[Date "2018.04.05"]
[Round "6.4"]
[White "Brätz, Yannick"]
[Black "Mehler, Walter"]
[Result "1-0"]
[WhiteElo "1363"]
[BlackElo "1646"]
[Annotator "Lukas, Norbert"]
[PlyCount "79"]
[EventDate "2018.04.02"]
[EventType "swiss"]
[EventRounds "9"]
[EventCountry "GER"]
[SourceTitle "69. UEM"]
[Source "SK SW 2000 e.V."]
[SourceDate "2018.04.08"]
[SourceVersion "1"]
[SourceVersionDate "2018.04.08"]
[SourceQuality "1"]
[WhiteTeam "Schachklub Schweinfurt 2000 e.V."]
[BlackTeam "TSV 1895 Karlburg e.V."]

1. e4 c5 2. Nc3 Nc6 3. g3 d6 4. Bg2 Nf6 5. h3 a6 6. Nge2 e5 7. a4 Be6 8. d3 Be7
9. O-O Qd7 10. Nd5 Qd8 11. c3 O-O 12. f4 Na5 13. Nxe7+ Qxe7 14. c4 Nc6 15. f5
Bd7 16. Nc3 h6 17. g4 Nh7 18. Nd5 Qh4 19. Be3 Nd4 20. Bf2 Qd8 21. h4 f6 22. Be3
Bc6 23. Bd2 Bxd5 24. exd5 Qb6 25. Bc3 Rae8 26. Be4 Qb3 27. Bxd4 Qxd1 28. Rfxd1
exd4 29. a5 Rf7 30. Rdb1 Nf8 31. Kg2 Nd7 32. Kg3 Ne5 33. Kf4 Rfe7 34. b3 Kf7
35. Ra3 g5+ 36. fxg6+ Nxg6+ 37. Bxg6+ Kxg6 38. h5+ Kg7 39. b4 Re2 40. bxc5 1-0

[Event "69. UEM HT"]
[Site "Schweinfurt / Germany"]
[Date "2018.04.06"]
[Round "7.8"]
[White "Bürger, Norbert"]
[Black "Köhler, Michael"]
[Result "1/2-1/2"]
[WhiteElo "1697"]
[BlackElo "1608"]
[Annotator "Lukas, Norbert"]
[PlyCount "71"]
[EventDate "2018.04.02"]
[EventType "swiss"]
[EventRounds "9"]
[EventCountry "GER"]
[SourceTitle "69. UEM"]
[Source "SK SW 2000 e.V."]
[SourceDate "2018.04.08"]
[SourceVersion "1"]
[SourceVersionDate "2018.04.08"]
[SourceQuality "1"]
[WhiteTeam "DJK Abersfeld"]
[BlackTeam "SC Prichsenstadt"]

1. d4 d5 2. Nc3 Nf6 3. Bf4 c6 4. e3 Bf5 5. f3 h6 6. Nge2 e6 7. a3 Bd6 8. Bg3
Qc7 9. Qd2 Nbd7 10. Bf2 Bh7 11. Ng3 O-O 12. Be2 e5 13. O-O-O exd4 14. exd4 b5
15. Nb1 Nb6 16. b3 a5 17. Bd3 Bxd3 18. Qxd3 a4 19. Nf5 axb3 20. Rd2 bxc2 21.
Rxc2 Nc4 22. Nxd6 Qxd6 23. Bg3 Qd7 24. Be1 Rfe8 25. Bd2 Nxd2 26. Rxd2 Qe7 27.
Rc2 Rac8 28. Kb2 b4 29. Rhc1 Qb7 30. a4 Qa8 31. Kb3 Nd7 32. Re2 Rxe2 33. Qxe2
Nb6 34. Qa2 Rc7 35. Nd2 Ra7 36. Ra1 1/2-1/2

[Event "69. UEM HT"]
[Site "Schweinfurt / Germany"]
[Date "2018.04.06"]
[Round "7.10"]
[White "Gerhard, Phillip"]
[Black "Hilgers, Peter"]
[Result "0-1"]
[WhiteElo "964"]
[BlackElo "1265"]
[Annotator "Lukas, Norbert"]
[PlyCount "82"]
[EventDate "2018.04.02"]
[EventType "swiss"]
[EventRounds "9"]
[EventCountry "GER"]
[SourceTitle "69. UEM"]
[Source "SK SW 2000 e.V."]
[SourceDate "2018.04.08"]
[SourceVersion "1"]
[SourceVersionDate "2018.04.08"]
[SourceQuality "1"]
[WhiteTeam "TSV 1895 Karlburg e.V."]
[BlackTeam "DJK Abersfeld"]

1. e4 d6 2. d4 Nf6 3. Nc3 g6 4. e5 dxe5 5. dxe5 Nfd7 6. Nf3 Nc6 7. Bc4 e6 8.
Bg5 Ne7 9. Qd2 Bg7 10. Qf4 O-O 11. Bh6 c5 12. Bxg7 Kxg7 13. Qh4 b6 14. Ng5 Rh8
15. Bxe6 Nxe5 16. Rd1 Qf8 17. Bxc8 Rxc8 18. O-O Nf5 19. Qe4 Qe7 20. Nf3 Rhe8
21. Rfe1 f6 22. Rd5 Nxf3+ 23. gxf3 Kf7 24. Qxe7+ Rxe7 25. Rxe7+ Kxe7 26. Nb5 a6
27. Na7 Rc7 28. Nb5 axb5 29. c3 Rd7 30. Rxd7+ Kxd7 31. Kf1 Ke6 32. Ke2 c4 33.
b3 Ke5 34. bxc4 bxc4 35. Kd2 Nh4 36. Kc2 Nxf3 37. a4 Kd5 38. Kb2 Nxh2 39. Ka3
Kc5 40. f4 h5 41. Ka2 Nf3 0-1

[Event "69. UEM HT"]
[Site "Schweinfurt / Germany"]
[Date "2018.04.06"]
[Round "7.3"]
[White "Elbert, Thomas"]
[Black "Pfennig, Joachim"]
[Result "1/2-1/2"]
[WhiteElo "1789"]
[BlackElo "1452"]
[Annotator "Lukas, Norbert"]
[PlyCount "99"]
[EventDate "2018.04.02"]
[EventType "swiss"]
[EventRounds "9"]
[EventCountry "GER"]
[SourceTitle "69. UEM"]
[Source "SK SW 2000 e.V."]
[SourceDate "2018.04.08"]
[SourceVersion "1"]
[SourceVersionDate "2018.04.08"]
[SourceQuality "1"]
[WhiteTeam "Schachfreunde Sailauf"]
[BlackTeam "SC 1947 Bergrheinfeld"]

1. d4 d5 2. Nf3 Nf6 3. e3 e6 4. Bd3 Bd6 5. Nbd2 b6 6. b3 Bb7 7. Bb2 Nbd7 8. c4
c6 9. O-O O-O 10. Ne5 Qc7 11. f4 c5 12. Rc1 cxd4 13. exd4 Qd8 14. Rf2 dxc4 15.
Ndxc4 Be7 16. Rfc2 Nd5 17. Nxd7 Qxd7 18. Ne5 Qd6 19. Qh5 Nf6 20. Qe2 Rac8 21.
Ba6 Rxc2 22. Rxc2 Be4 23. Rc1 Qb8 24. Nd7 Nxd7 25. Qxe4 Bf6 26. Bd3 g6 27. Qc6
Rd8 28. Qc7 Qxc7 29. Rxc7 Nb8 30. Be2 Rd7 31. Rc8+ Rd8 32. Rxd8+ Bxd8 33. Bf3
Bf6 34. Kf2 Na6 35. a3 Nc7 36. Ke3 Kf8 37. Bc6 Bg7 38. a4 f5 39. g3 Ke7 40.
Ba3+ Kd8 41. Kd3 Bf6 42. Bd6 Nd5 43. h3 Be7 44. Bxe7+ Kxe7 45. Kc4 Nc7 46. b4
Kd6 47. Bf3 Ke7 48. a5 Kd6 49. Bg2 b5+ 50. Kc3 1/2-1/2